Online
Catalog

Los animales puros / (Record no. 18594)

MARC details
000 -CABECERA
campo de control de longitud fija 00911cam a2200253 a 4500
001 - NÚMERO DE CONTROL
campo de control 000019076
005 - FECHA Y HORA DE LA ÚLTIMA TRANSACCIÓN
campo de control 20200929165920.0
008 - DATOS DE LONGITUD FIJA--INFORMACIÓN GENERAL
campo de control de longitud fija 720510s1943 ec 000 f spa d
035 ## - NÚMERO DE CONTROL DEL SISTEMA
Número de control de sistema (DLC) 58038773
035 ## - NÚMERO DE CONTROL DEL SISTEMA
Número de control de sistema (OCoLC)305679
040 ## - FUENTE DE LA CATALOGACIÓN
Centro catalogador/agencia de origen DO-SdBNP
Lengua de catalogación spa
Centro/agencia transcriptor OAU
Centro/agencia modificador DLC
-- BNPHU
082 ## - NÚMERO DE LA CLASIFICACIÓN DECIMAL DEWEY
Número de clasificación E863.44
Número de documento/Ítem V473a
049 ## - FONDOS LOCALES (OCLC)
Fondos de biblioteca BNGR
100 1# - ENTRADA PRINCIPAL--NOMBRE DE PERSONA
Nombre de persona Vera, Pedro Jorge,
Fechas asociadas al nombre 1914-1999.
9 (RLIN) 41046
245 14 - MENCIÓN DE TÍTULO
Título Los animales puros /
Mención de responsabilidad, etc. Pedro Jorge Vera ; introducción Hernán Rodríguez Castelo.
260 ## - PUBLICACIÓN, DISTRIBUCIÓN, ETC.
Lugar de publicación, distribución, etc. Quito :
Nombre del editor, distribuidor, etc. Publicaciones educativas "Ariel",
Fecha de publicación, distribución, etc. [1943].
300 ## - DESCRIPCIÓN FÍSICA
Extensión t.2 ;
Dimensiones 21 cm.
490 1# - MENCIÓN DE SERIE
Mención de serie Clásicos Ariel (biblioteca de autores ecuatoriano)
Designación de volumen o secuencia 27
500 ## - NOTA GENERAL
Nota general La biblioteca posee el tomo 2.
650 #4 - PUNTO DE ACCESO ADICIONAL DE MATERIA--TÉRMINO DE MATERIA
Término de materia o nombre geográfico como elemento de entrada Novela ecuatoriana
9 (RLIN) 5017
650 #4 - PUNTO DE ACCESO ADICIONAL DE MATERIA--TÉRMINO DE MATERIA
Término de materia o nombre geográfico como elemento de entrada Literatura ecuatoriana
Subdivisión cronológica SIGLO XX
9 (RLIN) 14420
830 #0 - PUNTO DE ACCESO ADICIONAL DE SERIE-TÍTULO UNIFORME
Título uniforme Clásicos Ariel (biblioteca de autores ecuatoriano) ;
Designación de volumen o secuencia 27
9 (RLIN) 41047
910 ## - DATOS DE OPCIÓN DEL USUARIO (OCLC)
Datos de opción del usuario Catalogación derivada / LC
Holdings
Estado de retiro Estado de pérdida Restricciones de uso No para préstamo Código de colección Localización permanente Ubicación/localización actual Ubicación en estantería Fecha de adquisición Número de inventario Total de préstamos Signatura topográfica completa Código de barras Fecha visto por última vez Precio válido a partir de Tipo de ítem Koha
      Excluido de préstamo Monografías: Libros y Folletos General General En catalogación 25.05.2010 LF1   E863.44 V473a 19076-10 25.06.2020 25.06.2020 No se presta

Powered by Koha